000 00648nam a2200205Ii 4500
003 JO-AjNU
008 230605s9999||||xx |||||||||||||| ||und||
040 _aJO-AjNU
_bara
_erda
_cJO-AjNU
041 _aara
050 1 4 _aTH420 2006
100 3 _aابراهيم ، زياد محيمد,
_eauthor
_920061
245 0 0 _aدليل المهندس الانشائي لاستخدام ETABS
250 _aط1
264 3 1 _aسوريا: شعاع للنشر ،2006
300 _a520ص
336 _atext
_btxt
_2rdacontent
337 _aunmediated
_bn
_2rdamedia
338 _avolume
_bnc
_2rdacarrier
650 4 _aالهندسة الانشائية
_920062
999 _aA6733
_c10301
_d10301